000 00294nam a2200121Ia 4500
008 190216s9999||||xx |||||||||||||| ||und||
100 _aGanguly A K&Amp; Kumar N C
245 0 _aIntroduction To Plant Physiology
260 _bEmkay Pubs
_c1990
300 _a232p
650 _aBotany
942 _cBK
999 _c1446
_d1446